महक उठी माटी / (Record no. 115685)

MARC details
000 -LEADER
fixed length control field 01161nam a22002897a 4500
003 - CONTROL NUMBER IDENTIFIER
control field dpl
005 - DATE AND TIME OF LATEST TRANSACTION
control field 20190218142652.0
008 - FIXED-LENGTH DATA ELEMENTS--GENERAL INFORMATION
fixed length control field 190218b ||||| |||| 00| 0 eng d
010 ## - LIBRARY OF CONGRESS CONTROL NUMBER
LC control number B-060077, B-060081
020 ## - INTERNATIONAL STANDARD BOOK NUMBER
Terms of availability 100.00
035 ## - SYSTEM CONTROL NUMBER
System control number B-060077, B-060081
037 ## - SOURCE OF ACQUISITION
Source of stock number/acquisition Cen Lib/Ret
040 ## - CATALOGING SOURCE
Original cataloging agency DPL
Language of cataloging HN
Transcribing agency 0
082 ## - DEWEY DECIMAL CLASSIFICATION NUMBER
Classification number
Item number खंडेल
100 ## - MAIN ENTRY--PERSONAL NAME
Personal name खंडेलवाल ,रामेश्वरलाल
9 (RLIN) 8560
245 ## - TITLE STATEMENT
Title महक उठी माटी /
Statement of responsibility, etc रामेश्वरलाल खंडेलवाल
246 ## - VARYING FORM OF TITLE
Title proper/short title Mahak uthi maati
Remainder of title by Rameshwarlal Khandelwal
260 ## - PUBLICATION, DISTRIBUTION, ETC. (IMPRINT)
Place of publication, distribution, etc भीलवाडा
Name of publisher, distributor, etc यतीन्द्र साहित्य सदन
Date of publication, distribution, etc 1999
270 ## - ADDRESS
Address सरस्वती विहार 13/15 कोर्ट रोड
City भीलवाडा
Postal code 311001
300 ## - PHYSICAL DESCRIPTION
Extent 96पृष्ठ.
Dimensions 21सेमी(सजिल्द)
500 ## - GENERAL NOTE
General note
650 ## - SUBJECT ADDED ENTRY--TOPICAL TERM
Topical term or geographic name as entry element हिंदी साहित्य
9 (RLIN) 62725
650 ## - SUBJECT ADDED ENTRY--TOPICAL TERM
Topical term or geographic name as entry element हिंदी कहानी
9 (RLIN) 62726
650 ## - SUBJECT ADDED ENTRY--TOPICAL TERM
Topical term or geographic name as entry element hindi literature
9 (RLIN) 62727
650 ## - SUBJECT ADDED ENTRY--TOPICAL TERM
Topical term or geographic name as entry element Hindi Story
9 (RLIN) 43117
942 ## - ADDED ENTRY ELEMENTS (KOHA)
Source of classification or shelving scheme Dewey Decimal Classification
Koha item type Hindi Books
Classification part
Call number suffix खंडेल
Holdings
Withdrawn status Lost status Damaged status Not for loan Home library Current library Date acquired Source of acquisition Cost, normal purchase price Total Checkouts Full call number Barcode Date last seen Copy number Cost, replacement price Price effective from Koha item type Source of classification or shelving scheme Collection code
        Central Library Central Library 21/08/2015 Cen Lib/Ret 100.00   क खंडेल B-060077 21/08/2015 1 100.00 21/08/2015 Hindi Books    
        Shahdara Branch Shahdara Branch 18/02/2019 BPPD/PUB     क खंडेल B-060081 18/02/2019     18/02/2019 Hindi Books Dewey Decimal Classification Fiction

© Delhi Public Library
Hit Counter
free hit counter